000 00941nam a2200313 a 4500
001 22736
003 SK-KTurca
005 20260421163249.0
008 240318s1994 xo 0000f slo
015 _aSNBA1994/08
020 _a8085597195
035 _aSNK000018724
040 _aSNK
_bslo
_cSNK
_eAACR2
041 1 _aslo
_heng
044 _axo
_cSK
080 _a820 (73)-3
_21981
100 1 _aWalker, Robert W.
_q(Robert Wayne),
_d1948-
_4aut
240 1 0 _aKiller Instinct
_lSlovensky
245 1 0 _aInštinkt
_cRobert W. Walker ; [z anglického originálu preložils Adela Nikitinová]
250 _a2. vyd.
260 _aBratislava
_bS Aktuell
_c1994
300 _a285 s.
_c21 cm
655 7 _aamerické romány
_2SNKPH
655 7 _apsychologické romány
_2SNKPH
700 1 _aNikitinová, Adela
_4trl
700 1 _aHladík, Ján,
_d1959-
_4bjd
942 _2ddc
_cKLDO
_n0
999 _c22736
_d22736